| 000 | 00615nam a2200181 a 4500 | ||
|---|---|---|---|
| 008 | 120416s1984 ||||||||||||||||| || u | ||
| 020 | _a0719541115 | ||
| 050 | _aRD 97 Gri | ||
| 100 | _aGrisogono, Vivian | ||
| 245 | 1 | 0 | _aSports injuries: a self-help guide |
| 260 |
_aLondon: _bJohn Murray _c1984 |
||
| 300 | _avi, 294p. : ill. | ||
| 350 | _a0.00 | ||
| 500 | _aIncludes index. | ||
| 650 | _aSPORTS INJURIES--EXERCISE THERAPY | ||
| 650 | _aSPORTS INJURIES | ||
| 995 |
_D0.00 _FCBU-MAIN LIBRARY (Kitwe) _H1 _I10.95 _UAVAILABLE _ZMain Library Open Access Collection |
||
| 999 |
_c58117 _d58117 |
||